| 000 | 00404nam a22001457u 4500 | ||
|---|---|---|---|
| 008 | 130405s1961 xxu||||| |||| 00| 0 spa d | ||
| 017 | _aM. 2386-1961 | ||
| 041 | _aspa | ||
| 100 | 1 |
_aGarcía Figar, Antonio _93874 |
|
| 245 | 0 | 0 |
_aLecciones de orientación cinematografica _cAntonio García Figar |
| 260 |
_aMadrid: _bEdiciones Studium, _c1961 |
||
| 300 |
_a115 p. _c;19 cm. |
||
| 942 | _cBK | ||
| 001 | 90500 | ||
| 999 |
_c248749 _d248749 |
||